000 00279nam a2200109Ia 4500
001 1276727
005 20260417160453.0
008 260417s9999 xx 000 0 und d
020 _a9786059604741
245 0 _aÇizgili Pijamalı Çocuk
_cJohn Boyne
260 _bTudem Yayınları
999 _c1276727
_d1276727